Ligue Europa Conférence 2022-2023 groupes - Statistiques

Statistiques générales
  • Ce quiz a été pris 17 fois
  • Le résultat moyen est 15 sur 32
Statistiques - réponses
Pays Clubs % Correct
France OGC Nice
94%
Italie ACF Fiorentina
69%
Groupe E Pays-Bas AZ Alkmaar
69%
Belgique RSC Anderlecht
69%
Groupe B Angleterre West Ham United
69%
Groupe H Suisse FC Bâle
63%
Autriche FK Austria Vienne
63%
Groupe G République Tchèque SK Slavia Prague
63%
Liechtenstein FC Vaduz
56%
Groupe D Serbie FK Partizan Belgrade
56%
Lituanie FK Žalgiris Vilnius
56%
Groupe A Turquie Istanbul Başakşehir FK
56%
Roumanie CFR Cluj
50%
Allemagne FC Cologne
50%
Pologne Lech Poznań
50%
Roumanie Steaua Bucarest
50%
Israël Hapoël Beer-Sheva
44%
Ukraine SK Dnipro-1
44%
Slovaquie ŠK Slovan Bratislava
44%
Norvège Molde FK
38%
Irlande Shamrock Rovers
38%
Chypre Apollon Limassol
31%
Suède Djurgårdens IF
31%
République Tchèque FC Slovácko
31%
Écosse Hearts
31%
Groupe F Belgique KAA La Gantoise
31%
Turquie Sivasspor
31%
Lettonie FK RFS
25%
Kosovo FC Ballkani
19%
Arménie FC Pyunik
19%
Danemark Silkeborg IF
19%
Groupe C Espagne Villarreal CF
19%
Aucun quiz correspondant
Distribution des résultats
% des personnes avec chaque résultat
Percentile par nombre de réponses
Votre historique - résultats
Vous n’avez pas pris ce quiz